00375pab a2200145 454500008004000000100002200040245004500062260000900107300000800116362001100124650002900135650002900164650002200193773001400215180718b1996 xxu||||| |||| 00| 0 eng d aChakrabarty, B.K. aUrban growthbkey role for local bodies. c1996 ap.8 a29 Jan aLocal government - India aCities and towns - India aUrban development aStatesman